000 00708nas a2200229 4500
001 BR9204714
003 BR-BrBNA
005 20231205092752.0
007 ta
008 230509b bl.|||p| |||| 00| 00por d
040 _aBR-BrBNA
_bpor
_cBiblioteca Nacional de Agricultura
041 _a(Pt)
072 _aL70
100 1 _aVogel, J.
245 1 _aDeterminacoes cardiotoracometricas de aplicacao clinica no cao pequines
650 _aCAO
650 _aCORACAO
650 _aANALISE DE LABORATORIO
773 0 _tRevista da Universidade Federal Rural do Rio de Janeiro (Brazil)
_xISSN 0100-2481
_g(1974), v. 4(2) p. 53-63
_wBR9204714
909 _a202311
_bLúcia
_c55
_dLúcia Elande
942 _2AGRIS
_n0
_cANA
999 _c134040
_d134040